000 00453nam a2200193Ia 4500
005 20250423095334.0
008 250422s9999 xx 000 0 und d
020 _a9781260566413
050 _aS 561 .K39/
100 _aKay, Ronald D ... [et al.].
245 0 _aFarm management
250 _a9th ed.
260 _aNew York
260 _bMcGraw-Hill Education
260 _c2020
300 _a484 p
650 _aFarm management.
942 _cBK
999 _c29971
_d29971